000 00678nam a2200169 i 4500
001 182946
003 ES-MaACL
005 20230906221742.0
008 131217m17731778fr |||| | fre d
100 1 _aPaulet, Jean.
_9154033
245 1 2 _aL'art du fabriquant d'étoffes de soie /
_cpar M. Paulet.
260 _a[Paris :
_bs.n.],
_c1773-1778.
300 _a5 v., 152 lám. ;
_c44 cm.
500 _aPertenece a: "Descriptions des arts et mètiers faites ou approuvées par ... l'Académie Royale des Sciences". Paris: chez Desaint & Saillant, 1761-1789 (Brunet, 10217)
650 4 _aSeda-
_vObras anteriores a 1800.
_9154034
852 _aES-MaACL
_jR-65-69
_x Olim: C-10827-70
999 _c182946
_d182946